MARC details
| 000 -LEADER |
| fixed length control field |
04414cam a22005177a 4500 |
| 003 - CONTROL NUMBER IDENTIFIER |
| control field |
CUTN |
| 005 - DATE AND TIME OF LATEST TRANSACTION |
| control field |
20250226174144.0 |
| 008 - FIXED-LENGTH DATA ELEMENTS--GENERAL INFORMATION |
| fixed length control field |
130610s2014 ii ab b 000 0 eng d |
| 020 ## - INTERNATIONAL STANDARD BOOK NUMBER |
| International Standard Book Number |
9788132239901 |
| 020 ## - INTERNATIONAL STANDARD BOOK NUMBER |
| Cancelled/invalid ISBN |
9788132212751 (ebook) |
| 041 ## - LANGUAGE CODE |
| Language |
English |
| 042 ## - AUTHENTICATION CODE |
| Authentication code |
lccopycat |
| 082 04 - DEWEY DECIMAL CLASSIFICATION NUMBER |
| Classification number |
658.408 |
| Edition number |
23 |
| Item number |
SHA |
| 100 1# - MAIN ENTRY--PERSONAL NAME |
| Personal name |
Shah, Shashank, |
| 245 10 - TITLE STATEMENT |
| Title |
Soulful corporations : |
| Remainder of title |
a values-based perspective on corporate social responsibility / |
| Statement of responsibility, etc |
Shashank Shah, V.E. Ramamoorthy. |
| 260 ## - PUBLICATION, DISTRIBUTION, ETC. (IMPRINT) |
| Place of publication, distribution, etc |
New Delhi : |
| Name of publisher, distributor, etc |
Springer, |
| Date of publication, distribution, etc |
2024. |
| 300 ## - PHYSICAL DESCRIPTION |
| Extent |
lxvi, 608 pages : |
| Other physical details |
illustrations, maps ; |
| Dimensions |
24 cm. |
| 505 0# - FORMATTED CONTENTS NOTE |
| Contents |
The world today: Paradoxes galore -- Corporate misdemeanour: the business of business is business? -- Redefining globalisation: is a better world possible? -- Coping with globalisation: a quarter century of efforts -- Business responsibility through the ages: a journey from scriptural insights, with noble philanthropists, to committed institutions and leaders -- corporate social responsibility: can companies make a difference? -- Corporate social responsibility: the Indian story comes a full circle -- Corporate citizenship: how can companies be good citizens? -- Socially responsible investing: investors role in promoting Corporate citizenship -- Corporate citizens at work: an introduction -- Case study 1: Bharat petroleum corporation Ltd. -- Case study 2: HDFC Bank Ltd. -- Case study 3: Hindustan unilever Ltd. -- Case Study 4: Larsen & Toubro Ltd. -- Case study 5: Reliance Industries Ltd. -- Case study 6: Tata group -- Case study 7: tvs motor company Ltd. -- Case study 8: Wipro Ltd. -- Society and local community welfare framework -- Integrating individual social responsibility in a corporate framework: The SAI way -- Uncovering the Corporate Soul: A Roadmap for Affirmative Action. |
| 520 ## - SUMMARY, ETC. |
| Summary, etc |
Corporate debacles, financial and economic crises and environmental disasters in different parts of the globe over the last two decades are seen as indicators for a transformation in business conduct by scholars and practitioners alike. A need for corporate goals to move on from simply maximizing shareholder profit to optimizing stakeholder welfare is being echoed in various quarters. Upon this backdrop, this book shows how Corporate Social Responsibility (CSR) can be a means for global unity and universal welfare and how corporations, as associations of individuals, can identify their collective spirits in terms of environmentally aware, socially responsible and financially rewarding missions and goals. The book examines CSR from an altruistic viewpoint rather than as a strategic tool, where the quality of initiatives and the welfare they create are more important than the simple amount of work done. It traces the evolution of CSR in the Indian and international contexts, yet provides a unique approach to CSR based on Indian traditions, culture and value systems, which are universal in their appeal and timeless in their application. It includes several case studies on CSR and environmental best practices, covering both Indian and international companies that have moulded and influenced the corporate landscape. |
| 650 #0 - SUBJECT ADDED ENTRY--TOPICAL TERM |
| Topical term or geographic name as entry element |
Social responsibility of business. |
| 650 #0 - SUBJECT ADDED ENTRY--TOPICAL TERM |
| Topical term or geographic name as entry element |
Business ethics. |
| 650 14 - SUBJECT ADDED ENTRY--TOPICAL TERM |
| Topical term or geographic name as entry element |
Economics/Management Science. |
| 650 24 - SUBJECT ADDED ENTRY--TOPICAL TERM |
| Topical term or geographic name as entry element |
Public Finance & Economics. |
| 650 24 - SUBJECT ADDED ENTRY--TOPICAL TERM |
| Topical term or geographic name as entry element |
Emerging Markets/Globalization. |
| 650 #7 - SUBJECT ADDED ENTRY--TOPICAL TERM |
| Topical term or geographic name as entry element |
BUSINESS & ECONOMICS / Industrial Management |
| 650 #7 - SUBJECT ADDED ENTRY--TOPICAL TERM |
| Topical term or geographic name as entry element |
BUSINESS & ECONOMICS / Management |
| 650 #7 - SUBJECT ADDED ENTRY--TOPICAL TERM |
| Topical term or geographic name as entry element |
BUSINESS & ECONOMICS / Management Science |
| 700 1# - ADDED ENTRY--PERSONAL NAME |
| Personal name |
Ramamoorthy, V.E., |
| 856 42 - ELECTRONIC LOCATION AND ACCESS |
| Uniform Resource Identifier |
<a href="http://www.loc.gov/catdir/enhancements/fy1407/2013942480-d.html">http://www.loc.gov/catdir/enhancements/fy1407/2013942480-d.html</a> |
| 856 41 - ELECTRONIC LOCATION AND ACCESS |
| Uniform Resource Identifier |
<a href="http://www.loc.gov/catdir/enhancements/fy1407/2013942480-t.html">http://www.loc.gov/catdir/enhancements/fy1407/2013942480-t.html</a> |
| 856 42 - ELECTRONIC LOCATION AND ACCESS |
| Uniform Resource Identifier |
<a href="http://www.loc.gov/catdir/enhancements/fy1407/2013942480-b.html">http://www.loc.gov/catdir/enhancements/fy1407/2013942480-b.html</a> |
| 942 ## - ADDED ENTRY ELEMENTS (KOHA) |
| Source of classification or shelving scheme |
Dewey Decimal Classification |
| Koha item type |
General Books |
| 100 1# - MAIN ENTRY--PERSONAL NAME |
| Relator term |
author. |
| 490 1# - SERIES STATEMENT |
| Series statement |
India studies in business and economics |
| 504 ## - BIBLIOGRAPHY, ETC. NOTE |
| Bibliography, etc |
Includes bibliographical references (pages 601-608). |
| 650 #7 - SUBJECT ADDED ENTRY--TOPICAL TERM |
| Source of heading or term |
bisacsh |
| 9 (RLIN) |
4 |
| 650 #7 - SUBJECT ADDED ENTRY--TOPICAL TERM |
| Source of heading or term |
bisacsh |
| 9 (RLIN) |
4 |
| 650 #7 - SUBJECT ADDED ENTRY--TOPICAL TERM |
| Source of heading or term |
bisacsh |
| 9 (RLIN) |
4 |
| 700 1# - ADDED ENTRY--PERSONAL NAME |
| Relator term |
author. |
| 830 #0 - SERIES ADDED ENTRY--UNIFORM TITLE |
| Uniform title |
India studies in business and economics. |
| 856 42 - ELECTRONIC LOCATION AND ACCESS |
| Materials specified |
Publisher description |
| 856 41 - ELECTRONIC LOCATION AND ACCESS |
| Materials specified |
Table of contents only |
| 856 42 - ELECTRONIC LOCATION AND ACCESS |
| Materials specified |
Contributor biographical information |
| 906 ## - LOCAL DATA ELEMENT F, LDF (RLIN) |
| a |
7 |
| b |
cbc |
| c |
copycat |
| d |
2 |
| e |
ncip |
| f |
20 |
| g |
y-gencatlg |